000 00654nam a2200229 i 4500
001 C2-0302807
003 PPAK
005 20180728083846.0
008 100211s1982 ilu |||| ||||| | eng d
020 _a9781402208362
040 _aPPAK
_beng
_cPPAK
_erda
082 0 4 _a378.73
_223
090 0 0 _a378.73
_bFGC
_dRLCK
245 0 0 _aFiske guide to golleges
264 1 _aNaperville, Illinois. :
_bSourcebooks, Inc. ,
_c1982
300 _axxxv, 756 pages ;
_c27 cm
336 _2rdacontent
_atext
337 _2rdamedia
_aunmediated
338 _2rdacarrier
_avolume
650 1 0 _aUniversities and colleges United States Directories.
942 _ddc
_cB
999 _c106349
_d106349